Culturas juveniles: formas políticas del desencanto

Shranjeno v:
Bibliografske podrobnosti
Glavni avtor: Reguillo, Rossana (Author)
Format: Knjiga
Jezik:španščina
Izdano: Buenos Aires Siglo Veintiuno 2012
Izdaja:1a. ed
Serija:Mínima
Teme:
Oznake: Označite
Brez oznak, prvi označite!

MARC

LEADER 00000cam a2200000 a 4500
001 UCF1508
003 CL-VaPUC
008 120706e20120000AG |||||||||||||||||spa|d
020 |a 9789876292023 
082 0 4 |a 307.66  |b REG  |2 21 
100 0 |a Reguillo, Rossana  |e author  |9 563019 
245 1 0 |a Culturas juveniles: formas políticas del desencanto 
250 |a 1a. ed 
300 |a 192 p 
942 |c BK 
945 |d 20120706 00:00:00  |a dcastane 
260 |a Buenos Aires  |b Siglo Veintiuno  |c 2012 
650 0 |a Sociología   |9 255410 
650 7 |a TRIBUS URBANAS  |2 CL-VaPUC  |9 525906 
650 0 |a Jóvenes  |9 326981 
583 |a last modification  |c 20130507 02:23:10  |k Rodrigo Vera 
490 0 |a Mínima 
999 |c 348255  |d 348253 
952 |0 0  |1 0  |4 0  |6 307_660000000000000_REG_2012  |7 0  |8 A  |9 450212  |a BIBGIM  |b BIBGIM  |d 2019-11-22  |i 4880358  |l 5  |m 2  |o 307.66 REG 2012  |p 4880358  |r 2025-01-15  |s 2024-09-27  |w 2019-11-22  |y BK  |k SSL 
952 |0 0  |1 0  |4 0  |6 307_660000000000000_REG_2012  |7 0  |8 A  |9 450213  |a FDOPOS  |b BIBEDU  |d 2019-11-22  |i 4972120  |l 1  |o 307.66 REG 2012  |p 4972120  |r 2025-01-22  |s 2022-05-19  |w 2019-11-22  |y BK  |k DLH